[Event "FIDE Chess.com Grand Swiss"]
[Site "Douglas"]
[Date "2019.10.17"]
[Round "7"]
[White "So, Wesley"]
[Black "Ganguly, Surya Shekhar"]
[Result "1-0"]
[WhiteElo "2767"]
[BlackElo "2658"]
[Annotator "So,Wesley"]
[PlyCount "111"]
[EventDate "2019.10.10"]
[EventType "swiss"]
[EventRounds "11"]
[EventCountry "IOM"]
[SourceTitle "CBM 193"]
[Source "ChessBase"]
[SourceDate "2019.12.31"]
[SourceVersion "1"]
[SourceVersionDate "2019.12.31"]
[SourceQuality "1"]

{[%evp 0,111,33,17,44,41,83,42,67,43,43,45,40,40,40,40,73,44,38,-5,-5,-11,-8,
-6,0,-2,-5,-15,-14,-3,-18,-20,-18,-23,0,0,11,0,10,0,49,51,41,57,57,52,52,31,67,
21,21,4,4,17,17,17,67,57,77,77,80,80,80,80,72,80,80,80,83,83,83,83,66,42,108,
114,116,108,220,220,220,220,220,226,227,227,227,206,238,244,248,248,248,256,
345,346,346,346,346,346,346,346,346,361,1032,1032,1032,1260,1189,1459,1615,
25163,1024,1032]} {Isle of Man is one of my favorite locations because it is
beautiful, has decent Chinese food and Alan Ormsby the organizer is a super
nice guy. That said, Opens are usually unhappy experiences for me. I tend to
arrive tired from playing tournaments back to back in the weeks prior and then
pull draw after draw from strong, lower rated players who are fresh and well
prepared. And you know the dynamic when you’re higher rated … a draw is a
loss and a loss is a disaster. A win is a little better than nothing. At the
Isle of Man Fide Grand Swiss, which strong but tired players smarter than
myself skipped, I had nine draws and 2 wins. A smack on the head for the sheer
pride that keeps me coming to these events. I was hoping to make this game
work for me finally, but even with the White pieces it's not easy to get a
game going these days.} 1. e4 c5 2. Nf3 ({In the early rounds I tried the
ultra sharp} 2. Nc3 d6 3. d4 $5 cxd4 4. Qxd4 Nc6 5. Qd2 g6 6. b3 Bh6 7. f4 {
But Volokitin was just fine with that after} f5 8. Bb2 Nf6 9. O-O-O Rf8 $5)
2... d6 {Ganguly plays TONS of openings from his repertoire. For instance
against 1.e4 he plays the French, Caro-Kann, 1...e5, the Sicilian Taimanov,
amongst others. But in this tournament he started playing the Sicilian Najdorf,
and so based on this I assumed he might play it again.} 3. Bb5+ {It's very
difficult to find an advantage against the Najdorf these days (although people
try) therefore this simple check on move 3 has increased exponentially in
theory within the last 5 years.} ({A couple of days earlier he lost to Magnus
after} 3. d4 cxd4 4. Nxd4 Nf6 5. Nc3 a6 6. h3 e5 7. Nb3 Be7 8. g4 h6 9. Be3
Nbd7 10. a4 {but the loss had nothing to do with the opening choice as Black
could easily have improved with say 10...Nf8.}) 3... Nd7 {This move was
popularized by Vachier Lagrave. After he first played it people started
copying him and eventually it replaced 3...Bd7 as the main move.} ({Two weeks
after this game I got a nice position with White after} 3... Bd7 4. Bxd7+ Nxd7
5. O-O Ngf6 6. Qe2 Qc7 7. b3 e6 8. Bb2 Be7 9. d4 cxd4 10. Nxd4 O-O 11. c4 a6
12. Nc3 {against Anton Korobov in a rapid game.}) 4. d4 {White has basically
tried every legal move here but without much success in getting an advantage.}
cxd4 5. Qxd4 a6 6. Bxd7+ Bxd7 7. Nc3 Rc8 {I thought 7...e5 followed by Rc8 was
the more accurate move order. Now 8.e5 is an extra option to me so I wonder if
Ganguly actually mixed up his move order.} (7... e5 8. Qd3 Rc8 9. Nd2 Be6 10.
Nf1 Qb6 11. Ne3 Qd4 $11 {looks totally fine for Black, so this idea of an
early Nd2-f1 before castling does not actually work.}) 8. O-O {However after
some thinking I just decided to stick to the main move.} (8. e5 dxe5 9. Nxe5 f6
10. Nxd7 Qxd7 11. Qxd7+ Kxd7 {could possibly be better for White.}) 8... e5 9.
Qd3 h6 10. Nd2 Qc7 11. Rd1 {With the idea Nf1-e3.} Bg4 12. Re1 $5 {A little
known move. In my preparations for the game I realized that it's very tricky
to get an advantage if I play f3. It just creates too many drawbacks. 
(Weakened dark-squares around my king, it closes the third rank, and it forces
me to spend one more move to hide my king on h1)} (12. f3 Be6 13. Nf1 Nf6 14.
Ne3 Be7 {Theory has shown that Black is totally fine here. For example:} 15.
Bd2 O-O 16. a4 (16. Kh1 b5 17. a4 b4 18. Ncd5 Bxd5 19. exd5 Qb7 20. Qb3 Rb8 21.
a5 Nd7 22. Nf5 Rfe8 23. Qc4 Bf8 $11) 16... Rfd8 17. Kh1 d5 (17... Bc4 $5) 18.
Ncxd5 (18. exd5 Bb4) 18... Bxd5 19. exd5 Bc5 {and in all cases Black has good
counterplay and no problems.}) 12... Nf6 13. Nf1 Be6 14. Ne3 Be7 15. a4 O-O 16.
Rd1 {I lost a tempo by moving my rook back and forth, but at least I managed
to avoid the weakening f3. Here Black should be totally fine also, but I'm
hoping that if Ganguly does not play the critical moves, then I get a game and
some chance for an edge.} Rfd8 (16... Qc5 17. a5 Bd8 $5 {Makes some sense.
Black forces the action and tries to equalize directly.} 18. Qxd6 Bxa5 19. Qxc5
Rxc5 20. Ncd5 Bd8 21. b3 Rc8 $13 {and it looks like this should be enough for
equality.}) (16... Rfe8 {Is another possibility. Black plays flexibly, and
keeps the d8-square available for his bishop later on.} 17. a5 (17. Bd2 Qc5)
17... Qc5 18. Bd2 (18. h3 {seems too slow, Black can play} Bd8) 18... Ng4 (
18... Bd8 $5) 19. Nxg4 (19. Ra4 Nxe3 20. Bxe3 Qc7) 19... Bxg4 20. Rdc1 Be6 21.
Na4 Qd4 22. Nb6 Rc6 {with equality.}) 17. a5 Bf8 {I do not consider this move
appealing. It's not clear exactly where the bishop is planning to go and it
could very well be a waste of time.} (17... d5 {Is the critical move I
analysed in my preparations.} 18. Ncxd5 Bxd5 19. exd5 Bc5 20. Qb3 Ne4 {
Although I admit this line is almost impossible to find over the board.} 21.
Bd2 f5 22. Bb4 Nd6 $132) (17... Qc5 18. h3 {Is possible, and now} Re8 $5 {
with the idea of Bd8.}) 18. Bd2 g6 {This possibly only weakens his
dark-squares.} ({I consider} 18... Bc4 {to be the most direct. White could be
slightly better in the ending, but with correct play Black makes a draw.} 19.
Nxc4 Qxc4 20. Be1 Qxd3 21. Rxd3 d5 $1 22. exd5 e4 23. Rd4 (23. Rdd1 Bb4) 23...
Bd6 (23... Bc5 24. Rda4)) (18... Qc5 19. Be1 $14) 19. Be1 $14 {I was quite
satisfied with the result out of the opening. I have a small advantage and
Black does not have a good way to lash out on the center with d5.} Qc5 {
Desperation. Black does not want to wait and sacrifices an exchange.} ({
Activating his bishop} 19... h5 20. f3 Bh6 21. Bh4 Qc5 22. Bf2 {is
double-edged. Black also weakens the squares around his king.}) (19... Nh5 20.
Ncd5 Bxd5 21. Qxd5) 20. Na4 {Now White has a stable advantage.} Qc6 (20... Qb5
21. Qxb5 axb5 22. Nb6 Rc6 23. f3 Nd7 24. Nbd5 $14) 21. Nb6 {This forces Black
to sacrifice the exchange for not enough compensation.} Nxe4 (21... Rc7 22. f3
$16) 22. Nxc8 Rxc8 {Black has a pawn for the exchange, however, his bishop
pair is not really active yet and I have firm control over some squares on the
queenside and the center. Therefore a few accurate moves should be sufficient
to stabilize my advantage and aim to convert it.} 23. c4 f5 {Now White should
have several ways to increase the advantage. Black is threatening f4, but this
can be easily dealt with.} 24. Bb4 $6 (24. b4 {should be the fastest way to
improve the position. I just open the files on the queenside. There is no need
to defend the c4 pawn as taking it would lead to a winning endgame.} Kf7 (24...
Bxc4 25. Qxc4+ Qxc4 26. Nxc4 Rxc4 27. f3 Nf6 28. Rac1 $18) 25. b5 $1 Qe8 26.
bxa6 bxa6 27. Rab1 Nc5 28. Qe2 $16 {the rook comes to b6 and my knight to d5,
with a dominating position.}) 24... Bxc4 {Now Black has two pawns for the
exchange.} 25. Nxc4 Qxc4 26. Qxc4+ Rxc4 27. Ba3 Kf7 $2 {We both thought that
moving the king towards the queenside was the best course of action. However,
in fact Black lacks one more tempo to play Ke6.} ({Black can put up more
resistance with} 27... Nc5 28. Rac1 Ra4 29. Bxc5 dxc5 30. Rd7 Rxa5 31. Rxb7 Rb5
{with decent drawing chances.}) 28. Rac1 Ra4 29. f3 Nc5 30. Bxc5 dxc5 31. Rd7+
Kf6 32. Rxb7 Rxa5 {All good for me so far. But here I started to play
inaccurately.} 33. Rb6+ {My rook is very active but at the same time Black has
two pawns for the exchange. The most accurate way to convert is} (33. Rb8 $1
Be7 (33... Bg7 34. Rb6+ Kg5 35. h4+ Kh5 36. g4+ $18) 34. Rb6+ {Now 34...Kg5
fails to 35.Re6, so Black has to move his king back.} Kf7 35. Rd1 Rb5 36. Rxa6
Rxb2 37. Rd7 {and he could very well be lost, with the Black king stuck on the
last two ranks.}) 33... Kg5 34. h4+ (34. Rc2 $1 {still wins easily according
to the computer, but as I said I started to misplay the position.}) 34... Kh5
35. Rc4 $6 Rb5 36. Rxa6 Be7 $2 ({Ganguly eventually makes errors in the
endgame, just when he has very good drawing chances. The simplest is} 36...
Rxb2 37. Kh2 Rb4 (37... Rb1 $5) ({Or} 37... e4 38. fxe4 Rd2 {might also be
enough to draw.}) 38. Rxb4 cxb4 39. Kh3 f4 {With a fortress. For example:} 40.
Ra5 Bg7 41. Rb5 b3 42. Rxb3 Bf6 43. Rb5 Bxh4 44. Rxe5+ g5 {and I see no way to
breakthrough.}) 37. g4+ fxg4 38. Re6 $1 {We both missed this when he played 36.
..Be7, but fortunately I still have enough time to think and spot it!} Bxh4 $2
{This loses on the spot, but I think White can win also after} (38... Bd8 39.
Rxg4 Rxb2 (39... Bxh4 40. Rxe5+ g5 41. Re2) 40. Rxe5+ g5 41. hxg5 hxg5 42. Rd5
$1 Be7 43. Re4 Rb7 44. Kg2 $18 {and he has no way to prevent me from improving
my piece activity.}) 39. Rxe5+ g5 40. fxg4+ Kg6 {Now the time control is
reached and each of us were given an extra 50 minutes on the clock. Plenty of
time to make sure not to run into some technical rook and pawn vs bishop
ending.} 41. Rexc5 Rxb2 42. Rc6+ Kg7 43. Rd6 Rb1+ (43... Rb7 44. Rcc6 $18) 44.
Kg2 Rb2+ 45. Kf3 Rf2+ 46. Ke3 Rf6 (46... Rf7 47. Rcc6 h5 {Now I do not even
have to take on h5 but can go} 48. Rg6+ Kh8 49. Rh6+ Kg7 50. Rcg6+ Kf8 51. gxh5
$18) 47. Rc7+ Kg6 48. Rxf6+ Kxf6 49. Ke4 Bf2 (49... h5 50. gxh5 Bg3 51. Rb7 Be1
52. Rb6+ Kg7 53. Kf5 Bd2 54. h6+ Kh7 55. Kg4 $18) 50. Rc6+ Kg7 51. Kf5 h5 52.
gxh5 Kh7 53. h6 {Fortunately I do not have to worry about any technical rook
and pawn vs bishop endings since I can simply promote my pawn.} Be3 54. Kg4 Bf4
55. Re6 Bd2 56. Kh5 {I was happy to get this win in the 7th round to try and
recoup massive rating loss from my draws. Wish though it hadn’t been at the
expense of my friend GM Ganguly who is a really terrific player.} 1-0

[Event "Norway Chess 3rd"]
[Site "Stavanger"]
[Date "2015.06.18"]
[Round "3"]
[White "Carlsen, Magnus"]
[Black "Giri, Anish"]
[Result "1/2-1/2"]
[WhiteElo "2876"]
[BlackElo "2773"]
[Annotator "Szabo,Kr"]
[PlyCount "152"]
[EventDate "2015.06.16"]
[EventType "tourn"]
[EventRounds "9"]
[EventCountry "NOR"]
[EventCategory "22"]
[SourceTitle "CBM 167"]
[Source "ChessBase"]
[SourceDate "2015.07.13"]
[SourceVersion "1"]
[SourceVersionDate "2015.07.13"]
[SourceQuality "1"]

1. e4 c5 2. Nf3 d6 3. Bb5+ Nd7 4. c3 (4. d4 {is the main line.}) 4... Ngf6 5.
Qe2 a6 6. Ba4 b5 7. Bc2 e6 8. d4 Bb7 9. O-O Be7 10. Re1 O-O 11. Nbd2 cxd4 12.
cxd4 Rc8 $146 {The first new move in the game.} (12... Qc7 13. Nf1 Rfc8 14. Bd3
b4 15. Ng3 a5 16. Bg5 Bf8 17. Rac1 Qb6 18. Be3 Qd8 19. h3 $14 {Rasik-Laznicka,
Prague 2015, and White is slightly better.}) (12... Qb6 13. b3 (13. e5 $2 {
was bad, as} dxe5 14. dxe5 Ng4 $1 {should have been played} 15. Ne4 Ndxe5 16.
Nxe5 Nxe5 $15 {and Black has a healthy P up.}) 13... Rfc8 14. Bd3 {and White
looks slightly better.}) 13. Nf1 Re8 14. Ng3 Bf8 15. Be3 Rc7 16. Bd3 {White's
position is more comfortable. He has some space advantage and his pieces are
active.} e5 ({In the event of} 16... Qa8 17. Bd2 $14 {and it is obviously
favourable for White .}) 17. d5 {The right reaction. White closes the centre
and neutralises the b7-B.} Nc5 18. Bc2 b4 $6 {Giri wanted to avoid 19.b4, but
this is an inaccuracy, which involves weaknesses on Black's queenside.} (18...
Qd7 {was more solid, but} 19. Bg5 (19. b4 Na4) 19... Be7 20. Nf5 $36 {and
White has some initiative.}) 19. a3 $1 {White immediately takes advantage of
Black's previous move.} b3 20. Bxc5 {White simply accepts the P.} (20. Bd3 $5 {
was also possible.}) 20... Rxc5 21. Bxb3 Qb6 22. Bc4 (22. Ba4 {was the
alternative,} Rec8 23. b4 R5c7 24. Nd2 {and White looks nicely placed.}) 22...
Rec8 23. Bd3 g6 24. Nf1 {A logical manoeuvre, because the N on g3 was already
not very useful. White prepares for Ne3-c4.} Bh6 25. Ne3 a5 26. b4 $1 {A very
nice reply by Carlsen! The b4-P is not takeable, White's position is much
better.} (26. Nc4 $6 {was too early, as} Qc7 {and the N has to escape.}) 26...
axb4 27. axb4 R5c7 ({In the event of} 27... Rc3 28. Nc4 $1 Qxb4 (28... Qd8 29.
Na5 Ba8 30. b5 $16 {followed by Nc6.}) 29. Rab1 R8xc4 30. Bxc4 Qxc4 31. Rxb7
Rc2 32. Qxc4 Rxc4 33. h4 Nxe4 34. Rd7 $16 {and White has a hopeful endgame.})
28. b5 (28. Nc4 {was also fine,} Qxb4 29. Reb1 Rxc4 30. Bxc4 Qxc4 31. Qxc4 Rxc4
32. Rxb7 $16) 28... Qc5 29. h3 ({The engine suggests the logical} 29. Nd2 $16 {
followed by Ndc4.}) 29... Nh5 30. Qb2 Qb6 31. Qb4 {Carlsen activates his Q and
he is threatening Nc4.} Bxe3 32. Rxe3 Rc3 33. Rae1 f5 $6 {A brave attempt by
Giri. He would like to create complications, but this is too dangerous.} (33...
Nf6 {was more solid, but} 34. Ra1 {and White will slowly, but surely
consolidate and exploit the fact that he is a P up.}) 34. exf5 Nf4 35. Be4 $1
R3c5 (35... R3c4 36. Qb1 $18) ({or} 35... R8c4 36. Qb1 $18 {with a decisive
attack.}) 36. fxg6 hxg6 37. Bxg6 $1 {A brilliant tactical blow by Carlsen!}
Rxb5 {Still the best practical chance.} (37... Nxg6 {could have been met by}
38. Qg4 $1 Kf7 39. Qe6+ Kg7 40. Nh4 $1 $18 {and mate soon.}) 38. Qe4 $6 {
Well, this was the straightforward and human reply. On the other hand White
missed a fantastic winning move!} (38. Bf7+ $3 {What a brilliant sacrifice!}
Kxf7 39. Qe4 $18 {and Black cannot prevent the threats of Qf5+ and Ng5+, even
then it is not obvious how the attack proceeds, but Black simply cannot save
himself.}) 38... Rf8 $1 39. Nxe5 $6 (39. Nh4 $1 {should have played} Bxd5 40.
Qa4 {and White should be better, but in a practical game, it is not easy yet.})
39... dxe5 40. Rg3 Rxd5 $1 {The only move to survive which Giri did. Black's
position looks very dangerous, but at this moment White doesn't have a forced
win.} 41. Qb1 {Black also had several threats, so Carlsen simplifies.} (41. Rb1
{could have been met by} Rd1+ $1 42. Kh2 Rxb1 43. Bf5+ Kh8 44. Qxe5+ Qf6 45.
Qc7 Rf7 46. Qb8+ Rf8 47. Qc7 Rf7 $11 {and repetition of moves.}) 41... Qxb1 42.
Bxb1+ Kh8 43. Be4 Rd7 44. Bxb7 Rxb7 45. Rxe5 {White has three Ps for the N,
only he has any chance to win, but objectively this is a draw.} Rh7 46. Re4
Rhf7 47. Kh2 Kh7 48. Rf3 Kg6 49. h4 Nh5 50. Rxf7 Rxf7 51. Re2 Nf4 52. Rd2 Nh5
53. g3 Nf6 54. Kg2 Rd7 55. Ra2 {Carlsen tries everything, but Black can hold.}
(55. Rxd7 Nxd7 56. g4 Ne5 $11 {is also drawish.}) 55... Rd5 56. Ra4 Re5 57. g4
Re4 58. Rxe4 Nxe4 59. Kf3 Nd6 60. Kf4 Nf7 61. Ke4 Kf6 62. f4 Nd6+ 63. Kd5 Nb5
64. h5 Nc3+ 65. Kd4 Nb5+ 66. Kc4 Nd6+ 67. Kc5 Ke6 68. Kc6 Nf7 69. Kc7 Nh6 70.
g5 Nf7 71. g6 Nh6 72. Kd8 Kf5 73. Ke7 Kxf4 74. Kf8 Kg5 75. g7 Kxh5 76. g8=Q
Nxg8 {and finally the draw!} 1/2-1/2

[Event "Sinquefield Cup 3rd"]
[Site "Saint Louis"]
[Date "2015.08.23"]
[Round "1"]
[White "Carlsen, Magnus"]
[Black "Topalov, Veselin"]
[Result "0-1"]
[WhiteElo "2853"]
[BlackElo "2816"]
[Annotator "Szabo,Kr"]
[PlyCount "80"]
[EventDate "2015.08.23"]
[EventType "tourn"]
[EventRounds "9"]
[EventCountry "USA"]
[EventCategory "22"]
[SourceTitle "CBM 168"]
[Source "ChessBase"]
[SourceDate "2015.09.14"]
[SourceVersion "1"]
[SourceVersionDate "2015.09.14"]
[SourceQuality "1"]

1. e4 c5 2. Nf3 d6 3. Bb5+ Nd7 4. O-O Ngf6 (4... a6 {is the another main line,
but after} 5. Bd3 Ngf6 {White doesn't have to play 6.Re1, he can immediately
answer with} 6. c3 {followed by Bc2, d4.}) 5. Re1 a6 6. Bd3 b5 7. c4 g5 $5 $146
{A very interesting and ambitious novelty by Topalov. Nowadays ...g5 becomes
typical in these type of position. In case of White captures the P Black has
some play on the g-file and in case of White ignores, Black continues with ...
g4 and takes some pressure in the centre.} ({Last year Nakamura played} 7...
Ne5 {against Carlsen,} 8. Bf1 Nxc4 9. a4 Bd7 10. d4 cxd4 11. Nxd4 e5 12. axb5
exd4 13. Bxc4 axb5 14. Rxa8 Qxa8 15. Bb3 Be7 16. Qxd4 $14 {and White had a
comfortable position, Carlsen-Nakamura, Zuerich rapid 2014.}) 8. Nxg5 {Carlsen
takes the gauntlet.} (8. cxb5 $5 {was the alternative,} g4 9. e5 $5 dxe5 10.
Ng5 Nb6 {with a very complicated position.}) 8... Ne5 9. Be2 bxc4 10. Na3 (10.
Nc3 $5 {was also possible,} Rg8 11. d4 cxd3 12. Bxd3) ({or} 10. Nf3 $5 Nd3 11.
Bxd3 cxd3 12. e5 $1 Nd5 (12... dxe5 13. Nxe5 {and White has a dangerous
initiative since} Bb7 $2 {loses instantly,} 14. Qa4+ $1 Nd7 15. Nxf7 $1 Kxf7
16. Qb3+ Kg7 17. Qxb7 $18 {and White wins.}) 13. Na3 Rg8 $132 {with a
double-edged fight.}) 10... Rg8 11. Nxc4 $6 {A pretty piece sacrifice, but
objectively this is not so good!} (11. Nf3 $6 {could have been met by} Nd3 12.
Bxd3 cxd3 13. Nc4 (13. e5 dxe5 14. Nxe5 Qd5 $17) 13... Be6 $15 {and Black
looks fine.}) ({Probably} 11. d4 {was the most accurate, but} cxd3 12. Bxd3 h6
13. Nf3 Nxd3 14. Qxd3 d5 $1 $132 {and Black has a nice counterplay.}) 11...
Nxc4 (11... Rxg5 $2 {is bad, because of} 12. d4 $16 {and White is better.}) 12.
d4 {This was the point of the piece sacrifice.} Nb6 13. Bh5 (13. dxc5 dxc5 14.
Qxd8+ Kxd8 15. Nxf7+ Ke8 16. Ng5 e5 $15 {and two Ps are not enough.}) 13...
Nxh5 14. Qxh5 Rg7 (14... Rg6 $1 {was more accurate. The R is much more active,
and after} 15. Qxh7 Rg7 16. Qh8 cxd4 17. Nh7 Rxh7 18. Qxh7 e5 $17 {and Black
has a wonderful position.}) 15. Nxh7 Qd7 (15... Bg4 16. Qh4 Rxh7 17. Qxh7 cxd4
18. Bh6 Bxh6 19. Qxh6 e5 20. f4 {and still White has some counterchance.}) 16.
dxc5 dxc5 17. e5 $2 {Decisive mistake.} (17. Nxf8 {was the only move} Qh3 $1 (
17... Qg4 18. Qxg4 Rxg4 19. Nh7 f6 20. Ng5 $1 fxg5 21. g3 $1 $18 {followed by
f3 and the R is trapped.}) 18. Qxh3 Bxh3 19. g3 Nc4 (19... Kxf8 20. Bh6 {
might even favour White as Black's pieces are not well coordinated.}) (19...
Rg8 20. Nh7 f6 $13) 20. Bh6 Rg8 $13) 17... Qc6 $1 ({The natural} 17... Bb7 $4 {
is losing immediately, as} 18. Nf6+ exf6 19. exf6+ $18) 18. f3 ({Now} 18. Nf6+
{could have been met by} Kd8 $1 $17 {and Black is better.}) 18... Qg6 $1 {
A good move, Black forces to exchange of Qs and he avoids White's practical
chances.} 19. Nf6+ Kd8 $1 {The black K simply slides over to safety.} 20. Qxg6
Rxg6 21. Ne4 Bb7 22. h4 Rc8 23. h5 Rg8 24. Bd2 Nc4 25. Bc3 Bh6 26. Rad1+ Ke8
27. Rd3 Bf4 $1 $19 {Very precise play by Black, his position should be winning.
} 28. Nf2 Bc6 29. Nh3 Bg3 30. Re2 Bb5 31. Rd1 Bc6 32. Nf2 Bxe5 $1 {A beautiful
tactical solution! White's position is now hopeless.} 33. Ng4 (33. Bxe5 Bxf3
34. Rde1 Bxe2 35. Rxe2 Nxe5 36. Rxe5 f6 $19) 33... Bxc3 34. bxc3 Kf8 35. Kf2
Rh8 36. Ne5 Nxe5 37. Rxe5 Be8 38. g4 f6 39. Re6 Bb5 40. Rde1 Rc7 0-1